000 00968nam a2200229 a 4500
001 BRCA_4600
005 20190320204730.0
008 240910s2010----mx-ade####---#000-0#spa-#
041 _aspa
044 _amx
050 4 _aND1312
_b.B35 2010
100 1 _aBallesteros Páez, María Dolores
_911646
245 1 0 _aDe castas y esclavos a ciudadanos
_blas representaciones visuales de la población capitalina de origen africano. Del periodo virreinal a las primeras décadas del México independiente.
260 _aCiudad de México
_c2010
300 _axxv, 535 p.
_bil. (algunas a color)
_c26 cm.
502 _aTesis Maestría (Maestra en Historia Moderna y Contemporánea) Instituto de Investigaciones Dr. José María Luis Mora
650 1 4 _aMeztizaje en arte
_xHistoria
_ySiglo XVII-XIX
_zMéxico
_911647
650 1 4 _aPintura de castas
_ySiglo XVII-XIX
_zMéxico
_911648
700 1 _aGrafenstein, Johanna von
_eDirector
_911649
902 _aTES
942 _2lcc
_cTES
999 _c4305
_d4305